000
00316nam a2200133Ia 4500
008
191201s2010 xx 000 0 und d
100
_a
KULKARNI,M
245
0
_a
Microwave and Radar Engineering
250
_a
4th
260
_c
2010
_b
Umesh Publications
_a
N. Delhi
300
_a
677
650
_a
ECE
942
_2
ddc
_c
BB
999
_c
7366
_d
7366